00512 a2200157 45000010006000000050017000060080041000230030015000640400040000790800077001192450064001962640035002603000019002950410008003141000032003226184020260407155910.0260407a1973 arg spa dAR-UNSa-BCEJYS aAR-UNSa-BCEJYSbspacAR-UNSa-BCEJYS a347.724xSociedades de responsabilidad limitada (Comandita por acciones)10aSociedades en comandita por accionespPrincipales problemas 1aBuenos Aires :bCangalloc1973 a179 p.c20 cm. aspa1 aEtcheverry, Raúl Aníbal